Personnel management reform and personnel resources development in China's state-owned enterprises (Record no. 376728)

000 -LEADER
fixed length control field 00556cam a22001457a 4500
008 - FIXED-LENGTH DATA ELEMENTS--GENERAL INFORMATION
fixed length control field 180718b1991 xxu||||| |||| 00| 0 eng d
082 ## - DEWEY DECIMAL CLASSIFICATION NUMBER
Classification number U6 P939
100 ## - MAIN ENTRY--PERSONAL NAME
Personal name Xuewu, Diao
245 ## - TITLE STATEMENT
Title Personnel management reform and personnel resources development in China's state-owned enterprises
260 ## - PUBLICATION, DISTRIBUTION, ETC.
Place of publication, distribution, etc. New Delhi
Name of publisher, distributor, etc. Oxford & IBH
Date of publication, distribution, etc. 1991
300 ## - PHYSICAL DESCRIPTION
Extent p.155-62
500 ## - GENERAL NOTE
General note [In] Privatisation and public enterprise: the Asia-Pacific experience, edited by Geeta Gouri
650 ## - SUBJECT ADDED ENTRY--TOPICAL TERM
Topical term or geographic name entry element Government Business Enterprise - China
650 ## - SUBJECT ADDED ENTRY--TOPICAL TERM
Topical term or geographic name entry element Personnel Management - China
Holdings
Withdrawn status Lost status Damaged status Not for loan Permanent Location Current Location Date acquired Full call number Barcode Date last seen Price effective from Koha item type
        Indian Institute of Public Administration Indian Institute of Public Administration 1994-11-24 U6 P939 CB751 2018-07-21 2018-07-21 CB

Powered by Koha